Τεχνικό σχέδιο με Η βασικές αρχές
Αποθηκεύτηκε σε:
| Κύριοι συγγραφείς: | , , |
|---|---|
| Άλλοι συγγραφείς: | , |
| Μορφή: | Βιβλίο |
| Γλώσσα: | Greek German |
| Δημοσίευση: |
Αθήνα :
Ευρωπαϊκές Τεχνολογικές Εκδόσεις,
c1999.
|
| Σειρά: | Γενική τεχνική βιβλιοθήκη
|
| Θέματα: | |
| Ετικέτες: |
Προσθήκη ετικέτας
Δεν υπάρχουν, Καταχωρήστε ετικέτα πρώτοι!
|
MARC
| LEADER | 00000cam a2200000 i 4500 | ||
|---|---|---|---|
| 001 | 1/48165 | ||
| 008 | 040209s1999 gr | ||| |||| ||gre|| | ||
| 020 | |a 9603312517 | ||
| 035 | |l 10072202 | ||
| 040 | |a GR-MyUA |b gre |e AACR2 | ||
| 041 | 1 | |a gre |h ger | |
| 082 | 0 | |a 604.24 |2 (21) | |
| 100 | 1 | |a Allmannsberger - Klauke, Marianne. | |
| 245 | 1 | 0 | |a Τεχνικό σχέδιο με Η/Υ : |b βασικές αρχές / |c Allmannsberger - Klauke Marianne, Peschel Peter, Reineche Hans-Joachim ; μετάφραση Κασσελούρη Βαρβάρα ; επιμέλεια Κωνσταντινόπουλος Ανδρέας. |
| 260 | |a Αθήνα : |b Ευρωπαϊκές Τεχνολογικές Εκδόσεις, |c c1999. | ||
| 300 | |a 127 σ. : |b εικ. (ορισμένες έγχρ.) ; |c 29 εκ. | ||
| 490 | 1 | |a (Γενική τεχνική βιβλιοθήκη) | |
| 500 | |a Τίτλος πρωτοτύπου: Technisches Zeichnen - Grundlagen | ||
| 504 | |a Περιέχει βιβλιογραφία | ||
| 650 | 0 | 0 | |a Mechanical drawing |x Study and teaching. |
| 650 | 0 | 0 | |a Computer-aided design. |
| 650 | 0 | 0 | |a Engineering drawings |x Study and teaching. |
| 700 | 1 | |a Peschel, Peter, |e aut | |
| 700 | 1 | |a Reinecke, Hans-Joachim, |e aut | |
| 700 | 1 | |a Κασσελούρη, Βαρβάρα, |e trlf [Μεταφράστρια] | |
| 700 | 1 | |a Κωνσταντινόπουλος, Ανδρέας, |e edt [Επιμελητής] | |
| 830 | 0 | |a Γενική τεχνική βιβλιοθήκη | |
| 852 | |a INST |b CHIOS |e 20100903 |h 604.24 ALL |p 005200031984 |q 005200031984 |t BK |y 0 | ||
| 852 | |a INST |b LEMNOS |e 20100129 |h 604.24 ALL |p 005600000315 |q 005600000315 |t BK |y 0 | ||
| 852 | |a INST |b SAMOS |e 20091216 |h 604.24 ALL |p 005300030991 |q 005300030991 |t BK |y 0 | ||
| 852 | |a INST |b SYROS |e 20040224 |h 604.24 ALL |p 005500003075 |q 005500003075 |t BK |y 0 | ||
| 852 | |a INST |b SYROS |e 20040209 |h 604.24 ALL |p 005500003105 |q 005500003105 |t BK |y 0 | ||
| 852 | |a INST |b SYROS |e 20040209 |h 604.24 ALL |p 005500003106 |q 005500003106 |t BK |y 0 | ||
| 852 | |a INST |b SYROS |e 20040209 |h 604.24 ALL |p 005500003107 |q 005500003107 |t BK |y 0 | ||
| 852 | |a INST |b SYROS |e 20040209 |h 604.24 ALL |p 005500003108 |q 005500003108 |t BK |y 0 | ||
| 852 | |a INST |b SYROS |e 20040209 |h 604.24 ALL |p 005500003109 |q 005500003109 |t BK |y 0 | ||
| 901 | |a BIBL3-2009-3 | ||
| 901 | |a BIBL5-2004-1 | ||
| 901 | |a BIBL6-2010-1 | ||
| 901 | |a BIBL2-2010-3 | ||
| 909 | |a Σ |b 158392 | ||
| 909 | |a Ε |b 108234 | ||
| 909 | |a Ε |b 108236 | ||
| 909 | |a Ε |b 108238 | ||
| 909 | |a Ε |b 108237 | ||
| 909 | |a Ε |b 108235 | ||
| 909 | |a Ε |b 108304 | ||
| 909 | |a Μ |b 159305 | ||
| 909 | |a Χ |b 148866 | ||
| 970 | |a ΚΑΓΙΑΒΑ |b ΕΙΡΗΝΗ |z 2004/02/09 | ||